[Event "Bolzano op 2nd"]
[Site "Bolzano"]
[Date "2007.05.28"]
[Round "7"]
[White "Stivaletta, Andrea"]
[Black "Pretto, Aldo"]
[Result "1-0"]
[WhiteElo "1739"]
[BlackElo "1491"]
[PlyCount "47"]
[EventDate "2007.05.25"]
[EventType "swiss"]
[EventRounds "7"]
[EventCountry "ITA"]
[SourceTitle "EXT 2011"]
[Source "ChessBase"]
[SourceDate "2010.11.26"]
[SourceVersion "1"]
[SourceVersionDate "2010.11.26"]
[SourceQuality "1"]

1. e4 e5 2. Nf3 Nf6 3. Nc3 Nc6 4. Bc4 Bc5 5. d3 h6 6. 0-0 0-0 7. Be3 Bb6 8. Nd5 d6 9. Nxb6 axb6 10. a3 Bg4 11. h3 Bh5 12. Kh2 Qd7 13. Rg1 Na5 14. Ba2 c5 15. Qd2 Nh7 16. Bxh6 Kh8 17. Be3 Qe7 18. g4 Bg6 19. h4 f6 20. Rg3 b5 21. h5 Be8 22. Nh4 c4 23. Rh3 Rg8 24. Ng6+ 1-0